Mechanics of composite materials (Record no. 26413)

MARC details
000 -LEADER
fixed length control field 00489nam a2200181Ia 4500
008 - FIXED-LENGTH DATA ELEMENTS--GENERAL INFORMATION
fixed length control field 230917s9999||||xx |||||||||||||| ||und||
020 ## - ISBN
Price RS1095
040 ## - CATALOGING SOURCE
-- 246536
Original cataloging agency VIVEKANANDA LIBRARY
041 ## - Language
-- English
082 ## - DDC NUMBER
Classification number 620.11892 J724M(2)
100 ## - MAIN ENTRY--PERSONAL NAME
Personal name Jones, Robert M
245 #0 - TITLE STATEMENT
Title Mechanics of composite materials
250 ## - EDITION STATEMENT
Edition statement 2nd ed.
260 ## - PUBLICATION, DISTRIBUTION, ETC. (IMPRINT)
Place of publication, distribution, etc New York
Name of publisher, distributor, etc Taylor and Francis
Date of publication, distribution, etc 2018
300 ## - PHYSICAL DESCRIPTION
Pages xvi, 519 p.
500 ## - GENERAL NOTE
General note 3069 19/03/2018 RBP18/69734 23/03/2018 Main Budget
942 ## - ADDED ENTRY ELEMENTS (KOHA)
Koha item type Books
Holdings
Withdrawn status Lost status Damaged status Not for loan Location (home branch) Sublocation or collection (holding branch) Shelving location Date acquired Koha issues (times borrowed) Koha full call number Accession No. Koha date last seen Koha item type
        VIVEKANANDA LIBRARY VIVEKANANDA LIBRARY UIET Library 26/03/2018   620.11892 J724M(2) 369523 17/09/2023 Books
        VIVEKANANDA LIBRARY VIVEKANANDA LIBRARY UIET Library 26/03/2018 4 620.11892 J724M(2) 369524 28/08/2024 Books
        VIVEKANANDA LIBRARY VIVEKANANDA LIBRARY UIET Library 26/03/2018   620.11892 J724M(2) 369525 17/09/2023 Books
© Designed and Maintained by Vivekananda Library, MDU Rohtak